00504nam a2200157 a 4500008004100000020001500041050001500056100002300071245008300094260004000177300001300217350000900230650003300239650002700272650004700299120416s1994 ||||||||||||||||| || u a082133025X aIBRD(08)DP aGlaessner, Phillip10aPoverty alleviation and social investment funds: the Latin American experience aWashington, D. C.bWorld Bankc1994 axv, 61p. a0.00 aLATIN AMERICA--SOCIAL POLICY aPOVERTY--LATIN AMERICA aINVESTMENTS--SOCIAL ASPECTS--LATIN AMERICA